Регионална библиотека "Любен Каравелов" - Русе

Преходът (Запис номер 347519)

MARC детайли
000 -Лидер
Контролно поле с фиксирана дължина 02559nam a2200481 c 4500
003 - Код на организацията, давaща контролен номер
Контролно поле BLK
005 - Дата и час на последна редакция
Контролно поле 20230422122641.0
008 - Елементи от данни с фиксирана дължина
fixed length control field 180411b bul|||||r ||||||| ||bul||
010 ## - Наследен системен номер
LC control number KNG00184981000
020 ## - Международен стандартен номер на книга ISBN
Международен стандартен номер на книга ISBN 978-619-02-0528-9
040 ## - Източник на каталожния запис
Идентификатор на билиотеката - собственик на записа BLK
041 ## - Код за език
Код за езика на текст/звукозапис или на отделно заглавие Български
Код за езика КДБФ Български
080 ## - УДК
Текстов определител УДК Вътрешна политика. Вж и 329
УДК код - определител по УДК 323
УДК - код + определител 323(497.2)
УДК определител (497.2)
139 ## - Редно поле
Редна дума Преходът
Авторски знак Пред - П 86
245 10 - Сведения за заглавието
Заглавие Преходът
Редно поле (дума) Александър Андреев и др.
Подзаглавни данни България 30 години по късно : От А до Н: 14 български публични личности за бълг. преход към демокрация
260 ## - Област на издателските данни
Име на издателя, разпространителя и проч. Колибри
Година на издаване 2019
Място на издаване, разпространение и проч. София
Печатница София : Дедракс
300 ## - Физическа характеристика
Страници 306 с.
Илюстрации и др. с табл., ил..
Размери/Мащаб 21 см
380 ## - Жанр
Жанр Обществени науки
650 #4 - Допълнително описание по предмет – тема
Основно описание – тема или топоним Преход от комунизъм към демокрация - Европа
9 (RLIN) 256027
651 #4 - Допълнително описание по предмет - топоним
Географско понятие Източна Европа
9 (RLIN) 248919
651 #0 - Допълнително описание по предмет - топоним
Географско понятие България
9 (RLIN) 241624
653 ## - Ключова дума – ненормативна
Ключова дума преходно общество
653 ## - Ключова дума – ненормативна
Ключова дума международни политически отношения
852 ## - Местоположение
Фондова буква Заемна - подръчен фонд
Систематично-азбучна сигнатура П 323(497.2)/П 86
999 ## - СИСТЕМНИ КОНТРОЛНИ НОМЕРА
Koha biblionumber 347519
Koha biblioitemnumber 347519
942 ## - АРТИКУЛИ
Вид на библиотечния материал Книги
Скрит в OPAC Не
Koha issues (borrowed), all copies 8
Периодичен библиозапис Да
999 ## - СИСТЕМНИ КОНТРОЛНИ НОМЕРА
Koha biblioitemnumber 347519
999 ## - СИСТЕМНИ КОНТРОЛНИ НОМЕРА
Koha biblioitemnumber 176373
Наличности
Код за отписване Код за изгубен артикул Източник на класификационната схема Код за повреда Коз за рестрикции Код за отдаване Артикулен № Име на библиотеката - собственик Име на библиотеката, в която се намира в момента Статус (Текущо местоположение) Дата на вписване в системата Местоположение - отдел Цена в лева Систематично азбучна сигнатура Баркод Цена в евро Служебен тип на артикула
  Не е изгубен Universal Decimal Classification Не е повреден без рестрикции заемане за дома 753730 Регионална библиотека "Любен Каравелов" Русе Регионална библиотека "Любен Каравелов" Русе Заемна - подръчен фонд 2020-01-13 Заемна - подръчен фонд 14.00 П 323(497.2)/П 86 120000840851 7.16 Книги
  Не е изгубен Universal Decimal Classification Не е повреден без рестрикции заемане за дома 753731 Регионална библиотека "Любен Каравелов" Русе Регионална библиотека "Любен Каравелов" Русе Заемна - подръчен фонд 2020-01-13 Заемна - подръчен фонд 14.00 П 323(497.2)/П 86 120000840852 7.16 Книги
Vip Innovations Ltd, Rousse, Bulgaria 2025